<?xml version="1.0" encoding="UTF-8"?>
<record
    xmlns:xsi="http://www.w3.org/2001/XMLSchema-instance"
    xsi:schemaLocation="http://www.loc.gov/MARC21/slim http://www.loc.gov/standards/marcxml/schema/MARC21slim.xsd"
    xmlns="http://www.loc.gov/MARC21/slim">

  <leader>00592nam a2200193   4500</leader>
  <controlfield tag="003">OSt</controlfield>
  <controlfield tag="005">20250801111227.0</controlfield>
  <controlfield tag="008">240313b        |||||||| |||| 00| 0 eng d</controlfield>
  <datafield tag="020" ind1=" " ind2=" ">
    <subfield code="a">9788183990738</subfield>
  </datafield>
  <datafield tag="082" ind1=" " ind2=" ">
    <subfield code="a">338.1</subfield>
  </datafield>
  <datafield tag="100" ind1=" " ind2=" ">
    <subfield code="a">Chandra,Subash , Kumar,Suresh , Bairwa,Kailash Chand</subfield>
  </datafield>
  <datafield tag="245" ind1=" " ind2=" ">
    <subfield code="a">An Introduction to Agricultural Social Science:</subfield>
    <subfield code="b">(Agricultural Economics,Extension Education, and Statistics</subfield>
  </datafield>
  <datafield tag="250" ind1=" " ind2=" ">
    <subfield code="a">2nd ed.</subfield>
  </datafield>
  <datafield tag="260" ind1=" " ind2=" ">
    <subfield code="a">New Delhi;</subfield>
    <subfield code="b">New VishalPublications,</subfield>
    <subfield code="c">2017.</subfield>
  </datafield>
  <datafield tag="300" ind1=" " ind2=" ">
    <subfield code="a">776p.</subfield>
  </datafield>
  <datafield tag="650" ind1=" " ind2=" ">
    <subfield code="a">Agricultural Social Science</subfield>
  </datafield>
  <datafield tag="942" ind1=" " ind2=" ">
    <subfield code="c">BK</subfield>
  </datafield>
  <datafield tag="942" ind1=" " ind2=" ">
    <subfield code="2">ddc</subfield>
    <subfield code="n">0</subfield>
  </datafield>
  <datafield tag="999" ind1=" " ind2=" ">
    <subfield code="c">294835</subfield>
    <subfield code="d">294835</subfield>
  </datafield>
  <datafield tag="952" ind1=" " ind2=" ">
    <subfield code="0">0</subfield>
    <subfield code="1">0</subfield>
    <subfield code="2">ddc</subfield>
    <subfield code="4">0</subfield>
    <subfield code="7">0</subfield>
    <subfield code="a">KAUCOAW</subfield>
    <subfield code="b">KAUCOAW</subfield>
    <subfield code="d">2024-03-13</subfield>
    <subfield code="l">0</subfield>
    <subfield code="o">338.1 SUB/AN</subfield>
    <subfield code="p">KAU_COAW-002112</subfield>
    <subfield code="r">2024-03-13 00:00:00</subfield>
    <subfield code="w">2024-03-13</subfield>
    <subfield code="y">BK</subfield>
  </datafield>
  <datafield tag="952" ind1=" " ind2=" ">
    <subfield code="0">0</subfield>
    <subfield code="1">0</subfield>
    <subfield code="2">ddc</subfield>
    <subfield code="4">0</subfield>
    <subfield code="7">0</subfield>
    <subfield code="a">KAUCOAW</subfield>
    <subfield code="b">KAUCOAW</subfield>
    <subfield code="d">2024-03-13</subfield>
    <subfield code="l">1</subfield>
    <subfield code="o">338.1 SUB/AN</subfield>
    <subfield code="p">KAU_COAW-001803</subfield>
    <subfield code="r">2025-07-26 00:00:00</subfield>
    <subfield code="s">2025-07-26</subfield>
    <subfield code="w">2024-03-13</subfield>
    <subfield code="y">BK</subfield>
  </datafield>
  <datafield tag="952" ind1=" " ind2=" ">
    <subfield code="0">0</subfield>
    <subfield code="1">0</subfield>
    <subfield code="2">ddc</subfield>
    <subfield code="4">0</subfield>
    <subfield code="7">0</subfield>
    <subfield code="a">KAUCOAW</subfield>
    <subfield code="b">KAUCOAW</subfield>
    <subfield code="d">2024-10-18</subfield>
    <subfield code="l">0</subfield>
    <subfield code="o">338.1 SUB/AN</subfield>
    <subfield code="p">KAU_COAW-002658</subfield>
    <subfield code="r">2024-10-18 00:00:00</subfield>
    <subfield code="w">2024-10-18</subfield>
    <subfield code="y">BBS</subfield>
  </datafield>
  <datafield tag="952" ind1=" " ind2=" ">
    <subfield code="0">0</subfield>
    <subfield code="1">0</subfield>
    <subfield code="2">ddc</subfield>
    <subfield code="4">0</subfield>
    <subfield code="7">0</subfield>
    <subfield code="a">KAUCOAW</subfield>
    <subfield code="b">KAUCOAW</subfield>
    <subfield code="d">2024-10-18</subfield>
    <subfield code="l">0</subfield>
    <subfield code="o">338.1 SUB/AN</subfield>
    <subfield code="p">KAU_COAW-002659</subfield>
    <subfield code="r">2024-10-18 00:00:00</subfield>
    <subfield code="w">2024-10-18</subfield>
    <subfield code="y">BBS</subfield>
  </datafield>
  <datafield tag="952" ind1=" " ind2=" ">
    <subfield code="0">0</subfield>
    <subfield code="1">0</subfield>
    <subfield code="2">ddc</subfield>
    <subfield code="4">0</subfield>
    <subfield code="7">0</subfield>
    <subfield code="a">KAUCOAW</subfield>
    <subfield code="b">KAUCOAW</subfield>
    <subfield code="d">2024-10-18</subfield>
    <subfield code="l">0</subfield>
    <subfield code="o">338.1 SUB/AN</subfield>
    <subfield code="p">KAU_COAW-002660</subfield>
    <subfield code="r">2024-10-18 00:00:00</subfield>
    <subfield code="w">2024-10-18</subfield>
    <subfield code="y">BBS</subfield>
  </datafield>
  <datafield tag="952" ind1=" " ind2=" ">
    <subfield code="0">0</subfield>
    <subfield code="1">0</subfield>
    <subfield code="2">ddc</subfield>
    <subfield code="4">0</subfield>
    <subfield code="7">0</subfield>
    <subfield code="a">KAUCOAW</subfield>
    <subfield code="b">KAUCOAW</subfield>
    <subfield code="d">2025-04-29</subfield>
    <subfield code="l">0</subfield>
    <subfield code="o">338.1 SUB/AN</subfield>
    <subfield code="p">KAU_COAW-002027</subfield>
    <subfield code="r">2025-04-29 00:00:00</subfield>
    <subfield code="w">2025-04-29</subfield>
    <subfield code="y">BK</subfield>
  </datafield>
</record>
